000 00697nam a2200241Ia 4500
003 OSt
005 20220924115816.0
006 a|||||r|||| 00| 0
007 ta
008 220923b |||||||| |||| 00| 0 urd d
020 _a8182233208
024 _a309300
037 _cTextual
040 _aARTS
_cARTS
_burd
041 _2urd
_aurd
082 _aO164:1E20, 168P7
100 _aAzmi Abdur Rasheed Tr.
_9179669
245 0 _aMaikhan-e-ajam
_bRubaiyat-e-khayyam
260 _aDelhi
_bEducational Publishing House India
_c2007
650 _aPERSIAN LITERATURE
_9309
942 _hO164:1E20, 168P7
_cTEXL
_2CC
999 _c399979
_d399979